Statistics for Ultimate Harry Potter Name Game

Click here to take the quiz!

General Stats

  • This quiz has been taken 264,046 times
    (163,343 since last reset)
  • The average score is 78 of 183

Answer Stats

LastFirst% Correct
PotterHarry
100%
WeasleyRon
98%
PotterJames
95%
Potter (2nd Gen.)Lily Luna
95%
GrangerHermione
95%
Potter (2nd Gen.)James Sirius
95%
WeasleyFred
93%
Weasley (2nd. Gen)Fred II
93%
WeasleyGinny
93%
WeasleyGeorge
93%
LongbottomNeville
93%
BlackSirius
92%
Potter (2nd Gen.)Albus Severus
92%
DumbledoreAlbus
92%
PotterLily
91%
LovegoodLuna
91%
MalfoyDraco
88%
SnapeSeverus
87%
PettigrewPeter
84%
LestrangeBellatrix
83%
WeasleyPercy
82%
Weasley | Weasley (2nd. Gen)Molly
82%
DursleyDudley
79%
DiggoryCedric
79%
WeasleyBill
78%
WeasleyArthur
78%
ChangCho
78%
MalfoyLucius
77%
SkeeterRita
76%
WeasleyCharlie
75%
RiddleTom
74%
McGonagallMinerva
74%
GryffindorGodric
73%
HagridRubeus
72%
UmbridgeDolores
72%
DursleyPetunia
72%
KrumViktor
72%
DelacourFleur
72%
LupinRemus
71%
DursleyVernon
70%
SlytherinSalazar
70%
HufflepuffHelga
70%
RavenclawRowena
65%
CrouchBarty Sr.
64%
CrouchBarty Jr.
64%
WoodOliver
61%
MalfoyNarcissa
60%
CreeveyColin
60%
FinniganSeamus
57%
CattermoleReginald
56%
TonksNymphadora
55%
LockhartGilderoy
54%
AbbottHannah
52%
BellKatie
52%
MoodyAlastor
52%
FudgeCornelius
52%
LovegoodXenophilius
52%
PatilParvati
50%
BlackRegulus
50%
FlitwickFilius
50%
DursleyMarjorie
50%
ParkinsonPansy
50%
BagshotBathilda
50%
ScamanderNewt
49%
TrelawneySybill
49%
PatilPadma
49%
DumbledoreAberforth
48%
TonksTed
48%
ClearwaterPenelope
47%
Bryce | LongbottomFrank
47%
BrownLavender
46%
ThomasDean
46%
FilchArgus
46%
GoyleGregory
45%
CrabbeVincent
45%
RavenclawHelena
45%
ShackleboltKingsley
45%
LongbottomAlice
45%
DumbledoreAriana
44%
GreybackFenrir
44%
BulstrodeMillicent
43%
KarkaroffIgor
43%
BonesSusan
43%
ShunpikeStanley
42%
SlughornHorace
42%
JordanLee
42%
BagmanLudovic
41%
Finch-FletchleyJustin
40%
Malfoy (2nd Gen.)Scorpius
39%
McLaggenCormac
38%
ZabiniBlaise
38%
ScrimgeourRufus
37%
JohnsonAngelina
37%
DiggoryAmos
37%
LupinTeddy
36%
Weasley (2nd. Gen)Rose
36%
GauntMarvolo
35%
Belby | FlintMarcus
35%
GrindelwaldGellert
33%
de Mimsy-PorpingtonNicholas
32%
SpinnetAlicia
31%
CreeveyDennis
31%
DelacourGabrielle
30%
MacMillanErnie
30%
BootTerry
29%
BurbageCharity
29%
CornerMichael
29%
PeverellIgnotus
27%
PomfreyPoppy
27%
Weasley (2nd. Gen)Hugo
26%
DiggleDedalus
26%
CarrowAlecto
26%
MaximeOlympe
26%
DogeElphias
25%
FiggArabella
25%
CarrowAmycus
25%
CattermoleMary
25%
LestrangeRodolphus
25%
TonksAndromeda
24%
BonesAmelia
24%
SproutPomona
23%
ThicknessePius
23%
DippetArmando
23%
LongbottomAugusta
23%
GoldsteinAnthony
22%
VaneRomilda
22%
GauntMerope
22%
DumbledoreKendra
22%
FletcherMundungus
22%
DawlishJohn
21%
HopkirkMafalda
20%
QuirrellQuirinus
20%
DolohovAntonin
20%
DumbledorePercival
20%
EdgecombMarietta
20%
JorkinsBertha
19%
DaviesRoger
18%
OgdenBob
18%
RuncornAlbert
18%
BlackPhineas Nigellus
17%
CresswellDirk
17%
Weasley (2nd. Gen)Victoire
16%
GauntMorfin
16%
RookwoodAugustus
16%
SmithZacharias
15%
PolkissPiers
15%
SloperJack
15%
OllivanderGarrick
14%
PodmoreSturgis
14%
PrinceEileen
14%
LestrangeRabastan
13%
RosierEvan
13%
Weasley (2nd. Gen)Lucy
13%
PrewettFabian
13%
PrewettGideon
13%
PeverellCadmus
12%
WarbeckCelestina
12%
VanceEmmeline
12%
Weasley (2nd. Gen)Louis
11%
BinnsCuthbert
11%
SmithHepzibah
11%
MacnairWalden
10%
PeakesJimmy
10%
SinistraAurora
10%
Weasley (2nd. Gen)Roxanne
10%
PeverellAntioch
10%
Weasley (2nd. Gen)Dominique
10%
HoochRolanda
10%
BodeBroderick
10%
JonesHestia
9%
Grubbly-PlankWilhelmina
9%
TwycrossWilkie
8%
KirkeAndrew
8%
RobinsDemelza
8%
MarchbanksGriselda
8%
CooteRitchie
7%
RowleThorfinn
7%
VectorSeptima
6%
JonesGwenog
6%
GregorovitchMykew
6%

Score Distribution

Percentile by Number Answered

Percent of People with Each Score

Your Score History

You have not taken this quiz since the last reset